000 00605nam a2200205Ia 4500
005 20250923144622.0
008 008 250917s9999 xx 000 0 eng d
037 _aTextual
040 _aDSWL
_beng
_cDSWL
041 _aeng
_2eng
084 _aYX;5-7.1(PIII)'N5, N58
_qDSWL
100 _aTitmus, R.M.
_9826693
245 0 _aEssays in the welfare state
_cby R.M.Titmus
260 _aLondon
_bRuskin House George Allen & Unwin
_c1958
300 _a232p.
365 _aINR
_b20
925 _g20
942 _cTEXL
_hYX;5-7.1(PIII)'N5, N58
999 _c1441239
_d1441239